| 000 | 01366cam a2200373 i 4500 | ||
|---|---|---|---|
| 001 | 200429368 | ||
| 003 | TR-AnTOB | ||
| 005 | 20260122152112.0 | ||
| 007 | ta | ||
| 008 | 991223s1999 tu a e 011 0 tur d | ||
| 020 | _a9756786051 | ||
| 040 |
_aCANKA _beng _erda _cCANKA _dOCLCQ _dTVG _dBGZ _dTR-AnTOB |
||
| 041 | _atur | ||
| 050 | 0 | _aDR448 | |
| 090 |
_aDR448 _b.O8 1999 |
||
| 110 | 2 |
_aTürkiye. _bMilli Savunma Bakanlığı _9117933 |
|
| 245 | 0 | 0 |
_aOsmanlı ordu teşkilatı / _cMilli Savunma Bakanlığı ; hazırlayanlar Cengiz Eroğlu, Hülya Yarar, İ. Göktuğ Demiröz. |
| 264 | 1 |
_aAnkara : _bMilli Savunma Bakanlığı, _c1999. |
|
| 300 |
_a294 pages : _billustrations maps ; _c31 cm. |
||
| 336 |
_atext _2rdacontent |
||
| 337 |
_aunmediated _2rdamedia |
||
| 338 |
_avolume _2rdacarrier |
||
| 500 | _a"Osmanlı Devleti'nin 700'ncü Kuruluş Yıldönümü " | ||
| 504 | _aIncludes bibliographical references. | ||
| 590 | _aDonated by Levent Kuşoğlu | ||
| 610 | 0 |
_aTürkiye. _bOrdu _xTarih _955025 |
|
| 651 | 0 |
_aTürkiye _xTarih, Askeri _926368 |
|
| 700 |
_aDemiröz, İ. Göktuğ _eeditor _9119597 |
||
| 700 | 1 |
_aYarar, Hülya _eeditor _9119598 |
|
| 700 | 1 |
_aEroğlu, Cengiz _eeditor _940836 |
|
| 942 |
_2lcc _cBK |
||
| 947 |
_a2760327 _b146972 _c17 _d51 _eBogazici Universitesi Kutuphanesi _fBogazici _g2016-06-20 10:56:10 |
||
| 999 |
_c200429368 _d47292 |
||